Rome II regulation (Record no. 115286)
[ view plain ]
| 000 -LEADER | |
|---|---|
| fixed length control field | 01903nam a2200421 a 4500 |
| 245 00 - TITLE STATEMENT | |
| Title | Rome II regulation |
| 260 ## - PUBLICATION, DISTRIBUTION, ETC. (IMPRINT) | |
| Place of publication | Munich : |
| Name of publisher | Sellier European Law Publishers, |
| Year of publication | c2011. |
| 300 ## - PHYSICAL DESCRIPTION | |
| Number of Pages | xvii, 470 p. |
| 490 1# - SERIES STATEMENT | |
| Series statement | Pocket commentaries |
| 505 0# - FORMATTED CONTENTS NOTE | |
| Formatted contents note | Scope -- Torts/delicts -- Unjust enrichment, negotiorum gestio and culpa in contrahendo -- Freedom of choice -- Common rules -- Final provisions. |
| 650 #0 - SUBJECT ADDED ENTRY--TOPICAL TERM | |
| Topical Term | Conflict of laws |
| Topical Term | Conflict of laws |
| Topical Term | Conflict of laws |
| Topical Term | Conflict of laws |
| 700 1# - ADDED ENTRY--PERSONAL NAME | |
| Personal name | Huber, Peter, |
| 856 40 - ELECTRONIC LOCATION AND ACCESS | |
| Uniform Resource Identifier | http://site.ebrary.com/lib/rucke/Doc?id=10502336 |
No items available.
